MARC

LEADER 00000nam0a2200000 4500
001 189914
005 20231101224237.0
035 |a (RuTPU)RU\TPU\book\206661 
090 |a 189914 
100 |a 20110113d1955 m y0rusy50 ca 
101 0 |a rus 
102 |a RU 
105 |a a z 001cb 
200 1 |a Аристофан  |f В. В. Головня  |g отв. ред. О. К. Логинова 
210 |a Москва  |c Издательство Академии наук СССР  |d 1955 
215 |a 183 с.  |c ил. 
600 0 |a Аристофан  |c древнегреческий поэт  |c комедиограф  |f около 445-около 385 до н. э.  |2 stltpush  |3 (RuTPU)RU\TPU\pers\14096  |9 4564 
606 1 |a Греческая литература  |2 stltpush  |3 (RuTPU)RU\TPU\subj\8636  |9 36008 
610 1 |a античная литература 
610 1 |a древнегреческая литература 
610 1 |a литературоведение 
610 1 |a древнегреческая культура 
610 1 |a античный мир 
675 |a 875(09)  |v 3 
700 1 |a Головня  |b В. В. 
702 1 |a Логинова  |b О. К.  |4 540 
801 1 |a RU  |b 63413507  |c 20110113 
801 2 |a RU  |b 63413507  |c 20220120  |g RCR 
942 |c BK